000 00612nam a22002057a 4500
003 OSt
005 20140310182436.0
008 130220t xxu||||| |||| 00| 0 eng d
020 _a9780853696919
050 _aRS 403
_b.F632 2010
100 _aFlorence, Alexander
_98265
245 _aAn introduction to clinical pharmaceutics
_cAlexander T. Florence
260 _aLondon
_bPharmaceutical Press
_cc2010.
300 _axiii, 179 p. :
_c24 cm.
_bill. ;
541 _j1
562 _e1
650 _aClinical Pharmaceutics
_98266
650 _aIntroduction to Pharmaceutics
_98267
942 _2lcc
_cSSLC
999 _c13447
_d13447